Cross Country Skiing the best male skiers - Statistics

General Stats
  • This quiz has been taken 88 times
  • The average score is 10 of 19
Answer Stats
Hint Answer % Correct
Trondheim 25 Johannes Klaebo
100%
Falun 15 Petter Northug
85%
Val Di Fiemme 13 Petter Northug
85%
Oslo 11 Petter Northug
85%
Liberec 09 Petter Northug
85%
Beijing 22 Alexander Bolshunov
76%
Oberstdorf 21 Alexander Bolshunov
76%
Seefeld 19 Alexander Bolshunov
76%
Planica 23 Simen Kreuger
43%
Peyongchang 18 Simen Kreuger
43%
Sochi 14 Dario Cologna
41%
Vancouver 10 Marcus Hellner
33%
Val Di Fiemme 03 Alex Teichmann
26%
Lahti 17 Sergey Ustjugov
22%
Lahti 01 Per Elofsson
20%
Oberstdorf 05 Frode Estil
17%
Salt Lake City 02 Frode Estil
17%
Sapporo 07 Lars Hjelmeset
15%
Turin 06 Jevgeni Dementjev
9%
No matching quizzes found
Score Distribution
Percent of People with Each Score
Percentile by Number Answered
Your Score History
You have not taken this quiz